000 00886nam a2200253Ia 4500
003 GCL
008 140319s9999 xx 000 0 ara d
040 _aGCL /
_cGCL
082 0 4 _aق
_b932
_bا ت
100 1 _aهيئة الاثار المصرية
245 1 0 _aتراثنا القومى بين التحدى والاستجابة معجزات 1985-1982 /
_cهيئة الاثار المصرية
700 1 _aاحمد قدرى
700 1 _aعاطف عبدالحميد
700 1 _aامال صفوت الالفى
260 _a[S.N] :
_bهيئة الاثار المصرية ،
_c1985
300 _a325 ص
490 _aسلسلة الثقافة الاثرية والتاريخية
_v0
650 0 4 _aمصر
650 0 4 _aالاثار الاسلامية
650 0 4 _aالاثار الفرعونية
650 0 4 _aترميم
650 0 4 _aالمتاحف
942 _2ddc
_cBK
999 _c53016
_d53016